000 02278nam1a2200325 i 4500
001 RU\NLR\BIBL_A\011494390
005 20240921175640.0
010 _a9785000891834
035 _a(NLR Aleph) 011494390
090 _a11963113
_c11963113
100 _a20171004g20179999c y0rusy50 ca
101 0 _arus
102 _aRU
105 _a j
200 1 _aКрасная азбука природы Ярославского края
_e[учебно-методический комплекс
_eучебное пособие
_fидея, составление: Михаил Макаров, Елена Макарова
_gответственный редактор: доктор педагогических наук, профессор Светлана Григорьевна Макеева
_gвступительное слово: Татьяна Гаврилова, Светлана Макеева
_gстихотворения: Сергей Молоков, Михаил Макаров]
_gкартинки Анны Макаровой
210 _aЯрославль
_cРИО ЯГПУ
_d2017
215 _d25х29
225 1 _aСовместный проект Городского фонда содействия развитию Ярославля и ФГБОУ ВО "Ярославский государственный педагогический университет им. К. Д. Ушинского"
225 1 _aГод экологии в России, 2017
606 1 _aЖивая природа
_jУчебные издания для средней школы
_yЯрославская область
_92618824
_3RU\NLR\AUTH\661555384
686 1 _aЕ085(2Р344-4Яр) я72
702 1 _4220
_7ca
_8rus
_aМакаров
_bМ. А.
_cавтор стихов
_gМихаил А
_9180615
_3RU\NLR\AUTH\770180666
702 1 _4340
_7ca
_8rus
_aМакеева
_bС. Г.
_cд-р пед. наук
_gСветлана Григорьевна
_9197404
_3RU\NLR\AUTH\770197455
702 1 _4440
_7ca
_8rus
_aМакарова
_bА. М.
_cиллюстратор
_gАнна М
_9180623
_3RU\NLR\AUTH\770180674
852 _aNLR
_j2017-8/2989
942 _cBOOK
980 _aNBR